| 000 | 00782cam a2200265 a 4500 | ||
|---|---|---|---|
| 001 | 146728 | ||
| 003 | OSt | ||
| 005 | 20180921 | ||
| 008 | 0000001980 dr 0000000000 00 | ||
| 100 | _aVicini, Felipe J. | ||
| 245 |
_aDiez ensayos sobre política económica / _cDiez ensayos sobre política económica / |
||
| 260 |
_a[s. l.] : _b[s. n.] |
||
| 300 | _a68 p. | ||
| 504 | _aIncluye índice | ||
| 650 | _aREPUBLICA DOMINICANA | ||
| 040 |
_aDLC _cDLC |
||
| 942 |
_2ddc _cBK |
||
| 999 |
_c146728 _d14672800 |
||